|
|
|
|
| LEADER |
00886nab a2200217 i 4500 |
| 001 |
publ23787 |
| 005 |
20220304090445.0 |
| 008 |
220304s2020 hu o 0|| Angol d |
| 022 |
|
|
|a 2063-6997
|
| 024 |
7 |
|
|a 31786339
|2 mtmt
|
| 040 |
|
|
|a SZTE Publicatio Repozitórium
|b hun
|
| 041 |
|
|
|a Angol
|
| 100 |
1 |
|
|a Kovács Ferenc
|
| 245 |
1 |
0 |
|a Observation of consequences of sewage sludge disposal by vegetation monitoring of cultivated arable land
|h [elektronikus dokumentum] /
|c Kovács Ferenc
|
| 260 |
|
|
|c 2020
|
| 300 |
|
|
|a 294-304
|
| 490 |
0 |
|
|a GEOSCIENCES AND ENGINEERING: A PUBLICATION OF THE UNIVERSITY OF MISKOLC
|v 8 No. 12
|
| 650 |
|
4 |
|a Föld- és kapcsolódó környezettudományok
|
| 700 |
0 |
1 |
|a Ladányi Zsuzsanna
|e aut
|
| 700 |
0 |
1 |
|a Hegedűs Mihály
|e aut
|
| 856 |
4 |
0 |
|u http://publicatio.bibl.u-szeged.hu/23787/1/Special_Issue_of_Geosciences_and_Engineering_KovacsF_etal.pdf
|z Dokumentum-elérés
|